| 000 | 00899nam a2200301Ia 4500 | ||
|---|---|---|---|
| 005 | 20250425161902.0 | ||
| 008 | 250425s9999 xx 000 0 und d | ||
| 020 | _a9682403944 | ||
| 041 | _aspa | ||
| 043 | _amx | ||
| 082 | _a658.4038 | ||
| 100 | _aBOCCHINO, WILLIAM A. | ||
| 245 | 0 | _aSISTEMAS DE INFORMACION PARA LA ADMINISTRACION: TECNICAS E INSTRUMENTOS | |
| 250 | _a1A ED. | ||
| 260 |
_aMéxico _bEDITORIAL TRILLAS _c1975 |
||
| 260 | _aS.L. | ||
| 300 | _a403 | ||
| 500 | _aBiblioteca de ciencias de la administracion | ||
| 500 | _aTítulo Traducido: MANAGEMENT INFORMATION SYSTEMS TOOLS AND TECHNIQUES | ||
| 650 | _aADMINISTRACION DE SISTEMAS DE INFORMACION | ||
| 650 | _aANALISIS DE SISTEMAS | ||
| 650 | _aINVESTIGACION DE OPERACIONES | ||
| 650 | _aPLANEACION | ||
| 700 |
_aAGUSTIN CONTIN _etraductor |
||
| 710 | _aEDITORIAL TRILLAS | ||
| 942 | _c01 | ||
| 010 | _a33838 | ||
| 999 |
_c218122 _d218122 |
||